[Event "?"]
[Site "?"]
[Date "????.??.??"]
[Round "?"]
[White "Jones, I."]
[Black "Mostertman, L."]
[Result "1/2-1/2"]
[WhiteElo "2290"]
[BlackElo "2077"]
[PlyCount "92"]
[EventDate "2010.??.??"]
[WhiteTeam "Wales"]
[BlackTeam "Oranjeteam 2"]
[WhiteTeamCountry "WLS"]

1. d4 Nf6 2. Nf3 c5 3. c3 b6 4. Bg5 Ne4 5. Bf4 d5 6. e3 e6 7. Bb5+ Bd7 8. Bd3
Nc6 9. Nbd2 g5 10. Be5 f6 11. Bg3 Nxg3 12. hxg3 Qe7 13. Bg6+ Kd8 14. Bc2 Bg7
15. Qe2 Kc7 16. O-O-O f5 17. Ne1 e5 18. dxe5 Nxe5 19. Nef3 Nc6 20. Rhe1 Rhe8
21. Qf1 Qf6 22. Nb3 a5 23. a3 a4 24. Nbd2 Reb8 25. Qd3 Be6 26. Nf1 b5 27. Qe2
b4 28. axb4 Nxb4 29. Nd4 Na2+ 30. Kd2 cxd4 31. exd4 Bd7 32. Ne3 Qf7 33. Qf3
Rxb2 34. Nxd5+ Kd6 35. Re7 Qg6 36. Rde1 f4 37. Rxd7+ Kxd7 38. Nb6+ Rxb6 39.
Qd5+ Qd6 40. Qf7+ Kc6 41. Re6 Bf8 42. Rxd6+ Bxd6 43. Qxh7 Rab8 44. Qe4+ Kc7 45.
Qh7+ Kc6 46. Qe4+ Kc7 1/2-1/2

[Event "?"]
[Site "?"]
[Date "????.??.??"]
[Round "?"]
[White "Taylor, R."]
[Black "Westerman, H."]
[Result "1/2-1/2"]
[WhiteElo "2027"]
[BlackElo "1909"]
[PlyCount "49"]
[EventDate "2010.??.??"]
[WhiteTeam "Wales"]
[BlackTeam "Oranjeteam 2"]
[WhiteTeamCountry "WLS"]

1. c4 e6 2. Nc3 f5 3. d4 Bb4 4. g3 Nf6 5. Bg2 O-O 6. Nh3 d6 7. O-O Bxc3 8. bxc3
c5 9. dxc5 dxc5 10. Qxd8 Rxd8 11. Rb1 Ne4 12. Bxe4 fxe4 13. Ng5 b6 14. Nxe4 Ba6
15. Bg5 Rd7 16. Rfd1 Bxc4 17. Rxd7 Nxd7 18. Rd1 Nf8 19. Rd2 Bd5 20. Nd6 a6 21.
e4 Bc6 22. f3 h6 23. Be3 Rd8 24. Kf2 Ng6 25. h3 1/2-1/2

[Event "?"]
[Site "?"]
[Date "????.??.??"]
[Round "?"]
[White "Mascini, J."]
[Black "Van Kemenade, R."]
[Result "1/2-1/2"]
[WhiteElo "1894"]
[BlackElo "2039"]
[PlyCount "109"]
[EventDate "2010.??.??"]
[WhiteTeam "Oranjeteam 2"]
[BlackTeam "Wales"]
[BlackTeamCountry "WLS"]

1. Nf3 f5 2. e4 e5 3. Nxe5 Qf6 4. d4 d6 5. Nc4 fxe4 6. Ne3 c6 7. c4 Qg6 8. g3
Nf6 9. Bg2 Na6 10. O-O d5 11. Nc3 Nc7 12. Qb3 Qf7 13. cxd5 cxd5 14. f3 exf3 15.
Bxf3 Bh3 16. Bg2 Bxg2 17. Kxg2 O-O-O 18. Bd2 h5 19. h3 Qd7 20. Rac1 Kb8 21. Nf5
g6 22. Nh4 Qg7 23. Bg5 Be7 24. Rce1 Rhf8 25. Nf3 Ka8 26. Bf4 Bd6 27. Bxd6 Rxd6
28. Re5 Nd7 29. Re2 Rb6 30. Qd1 Rbf6 31. Qe1 a6 32. Re7 R6f7 33. Rxf7 Qxf7 34.
Ne5 Qxf1+ 35. Qxf1 Rxf1 36. Kxf1 Nxe5 37. dxe5 Ka7 38. Ke2 Kb6 39. Ke3 Kc5 40.
Ne2 Ne6 41. Nf4 d4+ 42. Kd3 Ng5 43. h4 Nf7 44. Ke4 Kc4 45. Nxg6 d3 46. Ke3 Nh6
47. e6 Nf5+ 48. Kd2 Nxg3 49. Ne5+ Kd5 50. e7 Ne4+ 51. Kxd3 Nf6 52. Ng6 Ke6 53.
e8=Q+ Nxe8 54. Nf4+ Kf5 55. Ke3 1/2-1/2

[Event "?"]
[Site "?"]
[Date "????.??.??"]
[Round "?"]
[White "Gunnarsson, G."]
[Black "Morant, P."]
[Result "1-0"]
[WhiteElo "2231"]
[BlackElo "2194"]
[PlyCount "55"]
[EventDate "2010.??.??"]
[WhiteTeam "KR Reykjavik"]
[BlackTeam "TuTS"]

1. d4 d5 2. c4 e6 3. Nf3 Nf6 4. Bg5 Be7 5. e3 O-O 6. Nc3 b6 7. cxd5 exd5 8. Be2
Be6 9. O-O c5 10. Ne5 h6 11. Bh4 g5 12. Bg3 Ne4 13. Nxe4 dxe4 14. f3 cxd4 15.
exd4 Bd5 16. fxe4 Bxe4 17. Bc4 Bd5 18. Qb3 Bxc4 19. Qxc4 Bf6 20. Rxf6 Qxf6 21.
Rf1 Qe6 22. d5 Qe8 23. Ng4 Qc8 24. Nf6+ Kg7 25. Qe4 Rh8 26. Be5 Na6 27. Nh5+
Kg8 28. Bxh8 1-0

[Event "?"]
[Site "?"]
[Date "????.??.??"]
[Round "?"]
[White "Suominen, A."]
[Black "Finnlaugsson, G."]
[Result "1/2-1/2"]
[WhiteElo "1877"]
[BlackElo "2121"]
[PlyCount "79"]
[EventDate "2010.??.??"]
[WhiteTeam "TuTS"]
[BlackTeam "KR Reykjavik"]

1. d4 Nf6 2. c4 c5 3. e3 e6 4. Nf3 b6 5. Be2 d6 6. Nc3 Be7 7. b3 O-O 8. O-O
Nbd7 9. e4 cxd4 10. Nxd4 Bb7 11. Bf3 Ne5 12. Re1 a6 13. Bf4 Rc8 14. Bd2 Re8 15.
a4 Bf8 16. Be3 h6 17. g3 Nxf3+ 18. Qxf3 Ba8 19. Bd2 Nxe4 20. Nxe4 f5 21. Qh5
fxe4 22. a5 bxa5 23. Rxa5 Rc5 24. Rxc5 dxc5 25. Nc2 Qd7 26. Be3 Rd8 27. Qg4 Kh8
28. Qh4 Rb8 29. Na1 Qf7 30. Qg4 Be7 31. Qd1 Rd8 32. Qc1 Rd3 33. Qa3 Bb7 34. Qa5
Bf6 35. Qb6 Bd4 36. Nc2 e5 37. Qd8+ Kh7 38. Qb6 Bc8 39. Qc6 Rxb3 40. Qxc8
1/2-1/2

[Event "?"]
[Site "?"]
[Date "????.??.??"]
[Round "?"]
[White "Jonsson, I."]
[Black "Ketonen, T."]
[Result "1-0"]
[WhiteElo "1915"]
[BlackElo "1914"]
[PlyCount "59"]
[EventDate "2010.??.??"]
[WhiteTeam "KR Reykjavik"]
[BlackTeam "TuTS"]

1. d4 d5 2. Nf3 Nf6 3. c4 Nc6 4. e3 e6 5. Nc3 Bb4 6. Bd3 a6 7. Bd2 dxc4 8. Bxc4
Bxc3 9. Bxc3 Ne4 10. Qc2 Nxc3 11. Qxc3 O-O 12. O-O Bd7 13. Rfe1 Ne7 14. e4 Rc8
15. Bb3 Ng6 16. Rac1 Bc6 17. Rcd1 Re8 18. a3 Qf6 19. Qc5 h6 20. Qc3 Qd8 21. Qc5
Qf6 22. Qc3 Qd8 23. d5 exd5 24. exd5 Rxe1+ 25. Qxe1 Bb5 26. a4 Be8 27. Qb4 Rb8
28. d6 cxd6 29. Rxd6 Qc7 30. Rxg6 1-0

[Event "?"]
[Site "?"]
[Date "????.??.??"]
[Round "?"]
[White "Wünsch, U."]
[Black "Rollwitz, J."]
[Result "1-0"]
[WhiteElo "2101"]
[BlackElo "1991"]
[PlyCount "68"]
[EventDate "2010.??.??"]
[WhiteTeam "Dresdner Springer"]
[BlackTeam "BSW  Berlin/DBAG"]

1. d4 Nf6 2. Nf3 d6 3. c4 c6 4. Nc3 Nbd7 5. e4 e5 6. Be2 Be7 7. O-O O-O 8. h3
Qc7 9. Be3 a6 10. Rc1 Re8 11. Qc2 Bf8 12. a3 g6 13. b4 b6 14. dxe5 dxe5 15.
Rfd1 a5 16. Qb3 axb4 17. axb4 Bb7 18. c5 bxc5 19. Ng5 Re7 20. Bc4 Nb6 21. Bxc5
Nxc4 22. Bxe7 Qxe7 23. Qxc4 Nd5 24. exd5 cxd5 25. Qh4 h6 26. Nf3 g5 27. Qg3 d4
28. Nb1 Bg7 29. Rc5 Re8 30. Qg4 Qd6 31. Nbd2 e4 32. Nc4 Qd8 33. Nfe5 Bf8 34.
Rb5 Ba8 1-0

[Event "?"]
[Site "?"]
[Date "????.??.??"]
[Round "?"]
[White "Fitzke, U."]
[Black "Hampel, J."]
[Result "0-1"]
[WhiteElo "2003"]
[BlackElo "2126"]
[PlyCount "88"]
[EventDate "2010.??.??"]
[WhiteTeam "BSW  Berlin/DBAG"]
[BlackTeam "Dresdner Springer"]

1. d4 d5 2. c4 e6 3. Nc3 Nf6 4. Nf3 Be7 5. e3 O-O 6. Bd3 dxc4 7. Bxc4 c5 8. O-O
Nbd7 9. b3 a6 10. Bb2 b5 11. Bd3 Bb7 12. Rc1 Qb6 13. dxc5 Nxc5 14. Bb1 Rfd8 15.
Qe2 b4 16. Nd1 a5 17. Ne5 a4 18. Bd4 axb3 19. axb3 Qa5 20. Nc4 Qb5 21. Bxc5
Bxc5 22. Ndb2 Nd5 23. Na4 Be7 24. Rfd1 Bf6 25. Bd3 Nc3 26. Nxc3 Bxc3 27. Nd6
Qb6 28. Bxh7+ Kxh7 29. Qh5+ Kg8 30. Qxf7+ Kh7 31. Qxb7 Qxb7 32. Nxb7 Rdb8 33.
Nc5 Ra3 34. Rb1 Rb6 35. Ne4 Kg6 36. Rd6 Rxd6 37. Nxd6 Kf6 38. Kf1 Ke5 39. Nb5
Ke4 40. Ke2 Ra2+ 41. Kf1 Kd3 42. Nxc3 bxc3 43. Ke1 c2 44. Rc1 Rb2 0-1

[Event "?"]
[Site "?"]
[Date "????.??.??"]
[Round "?"]
[White "Bußler, J."]
[Black "Baudis, W."]
[Result "1-0"]
[WhiteElo "2045"]
[BlackElo "1693"]
[PlyCount "57"]
[EventDate "2010.??.??"]
[WhiteTeam "Dresdner Springer"]
[BlackTeam "BSW  Berlin/DBAG"]

1. c4 f5 2. d4 g6 3. Nc3 Nf6 4. Nf3 d6 5. Qc2 Bg7 6. g3 O-O 7. Bg2 c6 8. O-O
Qc7 9. Bg5 h6 10. Bd2 Be6 11. b3 Bf7 12. e4 e6 13. Rad1 Nbd7 14. Rfe1 Ne8 15.
Qc1 Kh7 16. exf5 exf5 17. Ne2 Ndf6 18. Nh4 Qd7 19. Nc3 Ng4 20. Bh3 Ngf6 21. Qc2
Kh8 22. Bc1 d5 23. cxd5 Nxd5 24. Ba3 Nd6 25. Nxd5 cxd5 26. Nf3 Rfe8 27. Ne5
Bxe5 28. dxe5 Ne4 29. Rxe4 1-0

[Event "?"]
[Site "?"]
[Date "????.??.??"]
[Round "?"]
[White "Kaiser, H."]
[Black "Mückan, F."]
[Result "1/2-1/2"]
[WhiteElo "1868"]
[BlackElo "2059"]
[PlyCount "32"]
[EventDate "2010.??.??"]
[WhiteTeam "BSW  Berlin/DBAG"]
[BlackTeam "Dresdner Springer"]

1. c4 Nf6 2. Nc3 g6 3. g3 Bg7 4. Bg2 c6 5. Nf3 O-O 6. O-O d5 7. cxd5 cxd5 8. d4
Nc6 9. Ne5 e6 10. Nxc6 bxc6 11. Na4 Nd7 12. Bf4 e5 13. dxe5 Nxe5 14. Rc1 Bd7
15. Nc5 Re8 16. Nxd7 Qxd7 1/2-1/2

[Event "?"]
[Site "?"]
[Date "????.??.??"]
[Round "?"]
[White "Lerstad, B."]
[Black "Ghijsen, P."]
[Result "0-1"]
[WhiteElo "1825"]
[BlackElo "2171"]
[PlyCount "104"]
[EventDate "2010.??.??"]
[WhiteTeam "Blindern Oldtimers"]
[BlackTeam "V.A.S. Amsterdam"]

1. d4 Nf6 2. c4 c6 3. Nc3 d5 4. e3 a6 5. Nf3 b5 6. cxd5 cxd5 7. Be2 e6 8. a3
Bd6 9. O-O O-O 10. Bd3 Bb7 11. Ne5 Nbd7 12. f4 Ne4 13. Bd2 Rc8 14. Nxd7 Qxd7
15. Nxe4 dxe4 16. Bc2 Bd5 17. Bb3 Bc4 18. Bxc4 Rxc4 19. Qb3 Rfc8 20. Rac1 Kf8
21. Rxc4 Rxc4 22. Rc1 Rxc1+ 23. Bxc1 Qc6 24. Bd2 Ke8 25. Kf2 Kd7 26. Ke2 g6 27.
Bc3 h5 28. Bd2 Bc7 29. Qc3 a5 30. h3 Kd6 31. Qxc6+ Kxc6 32. Kd1 Kd5 33. Kc2 a4
34. b3 Bd6 35. Kb2 Be7 36. Bc1 Bh4 37. Bd2 Bd8 38. Kc3 Ba5+ 39. b4 Bd8 40. Be1
g5 41. fxg5 Bxg5 42. Bf2 f5 43. h4 Bh6 44. g3 Bf8 45. Bg1 Bd6 46. Bf2 e5 47.
dxe5 Bxe5+ 48. Kc2 Kc4 49. Be1 Bc7 50. Bf2 Bd6 51. Be1 Be5 52. Bf2 Bc3 0-1

[Event "?"]
[Site "?"]
[Date "????.??.??"]
[Round "?"]
[White "Bergersen, P."]
[Black "Oud, N."]
[Result "1-0"]
[WhiteElo "1490"]
[BlackElo "2038"]
[PlyCount "67"]
[EventDate "2010.??.??"]
[WhiteTeam "Blindern Oldtimers"]
[BlackTeam "V.A.S. Amsterdam"]

1. Nf3 d5 2. g3 c5 3. Bg2 Nc6 4. d4 e6 5. O-O Nf6 6. c4 Be7 7. Nc3 O-O 8. cxd5
exd5 9. dxc5 Bxc5 10. Bg5 Be6 11. Rc1 Be7 12. Nd4 Qd7 13. Na4 Nxd4 14. Qxd4 b6
15. Rfd1 h6 16. Bf4 Rac8 17. Rxc8 Rxc8 18. Nc3 g5 19. Be3 Rd8 20. h4 Ng4 21.
hxg5 Bc5 22. Qf4 Nxe3 23. fxe3 Qe7 24. gxh6 Bh3 25. Kf2 Qxe3+ 26. Qxe3 Bxe3+
27. Kxe3 Bxg2 28. Kf2 Bh3 29. Nxd5 Kh8 30. e4 Be6 31. Ke3 f5 32. a3 Rf8 33. Nf4
Rf6 34. Rd6 1-0

[Event "?"]
[Site "?"]
[Date "????.??.??"]
[Round "?"]
[White "Steedman, J."]
[Black "Walther, D."]
[Result "0-1"]
[WhiteElo "2141"]
[BlackElo "2154"]
[PlyCount "70"]
[EventDate "2010.??.??"]
[WhiteTeam "Norwegen 2"]
[BlackTeam "Rheno Palatinat"]

1. d4 d5 2. c4 Bf5 3. cxd5 Bxb1 4. Qa4+ c6 5. Rxb1 Qxd5 6. f3 e5 7. dxe5 Qxe5
8. e4 Nf6 9. Qb3 b5 10. Be3 a5 11. Ne2 Bb4+ 12. Kf2 O-O 13. g3 Nbd7 14. Bg2 Nc5
15. Qc2 Ncxe4+ 16. fxe4 Ng4+ 17. Kf3 Nxe3 18. Kxe3 Rad8 19. Rhd1 Bc5+ 20. Kf3
f5 21. Nf4 Rde8 22. Re1 fxe4+ 23. Rxe4 Qh5+ 24. g4 Qxh2 25. Qb3+ Kh8 26. Qd3
Rxe4 27. Qxe4 Bd6 28. Ke2 Rxf4 29. Qe8+ Bf8 30. Qxc6 Rxg4 31. Kf1 Qf4+ 32. Bf3
Rh4 33. Ke2 Rh2+ 34. Bg2 Qe5+ 35. Qe4 Qd6 0-1

[Event "?"]
[Site "?"]
[Date "????.??.??"]
[Round "?"]
[White "Müller, L."]
[Black "Kverndal, L."]
[Result "1-0"]
[WhiteElo "2082"]
[BlackElo "1974"]
[PlyCount "57"]
[EventDate "2010.??.??"]
[WhiteTeam "Rheno Palatinat"]
[BlackTeam "Norwegen 2"]

1. d4 Nf6 2. Nf3 g6 3. c4 Bg7 4. Nc3 d5 5. cxd5 Nxd5 6. e4 Nxc3 7. bxc3 O-O 8.
Be3 c5 9. Qd2 Qa5 10. Rd1 Nc6 11. Bc4 Bg4 12. O-O Rab8 13. Qb2 cxd4 14. cxd4
Bxf3 15. gxf3 Qh5 16. Be2 b6 17. f4 Qh3 18. e5 e6 19. Kh1 Qh4 20. Rg1 Qe7 21.
Bf3 Na5 22. Qb5 Rbc8 23. Rc1 Qa3 24. Rxc8 Rxc8 25. Qd7 Rc2 26. Be4 Rxa2 27. f5
exf5 28. Bd5 Qf8 29. Bxa2 1-0

[Event "?"]
[Site "?"]
[Date "????.??.??"]
[Round "?"]
[White "Strand, Oyvin"]
[Black "Schwertel, Johann"]
[Result "0-1"]
[WhiteElo "1965"]
[BlackElo "1990"]
[PlyCount "78"]
[EventDate "2010.??.??"]
[WhiteTeam "Norwegen 2"]
[BlackTeam "Rheno Palatinat"]

1. d4 d5 2. e3 c6 3. Bd3 Nf6 4. Nd2 Bg4 5. f3 Bh5 6. Nh3 Bg6 7. Nf2 Nbd7 8. f4
e6 9. Qf3 Bh5 10. Qh3 Qe7 11. g4 Bg6 12. Bxg6 fxg6 13. Qf3 O-O-O 14. c3 Ne8 15.
Nd3 Qh4+ 16. Qg3 Qf6 17. e4 Be7 18. e5 Qf7 19. h4 Nc7 20. O-O h5 21. g5 Rhf8
22. b4 Kb8 23. a4 Qf5 24. Nb3 Nb6 25. Nd2 Nc4 26. Nxc4 dxc4 27. Nf2 Nd5 28. Nd1
Rf7 29. Qf3 Rdf8 30. Nb2 Qc2 31. Rf2 Qxc3 32. Qxc3 Nxc3 33. Nxc4 Bxb4 34. Nb2
Nd5 35. Nd3 Bc3 36. Bb2 Bxb2 37. Rxb2 Nxf4 38. Nxf4 Rxf4 39. Rab1 R8f7 0-1

[Event "?"]
[Site "?"]
[Date "????.??.??"]
[Round "?"]
[White "Denda, R."]
[Black "Birkestrand, O."]
[Result "0-1"]
[WhiteElo "2043"]
[BlackElo "1915"]
[PlyCount "72"]
[EventDate "2010.??.??"]
[WhiteTeam "Rheno Palatinat"]
[BlackTeam "Norwegen 2"]

1. e4 e5 2. Nf3 Nc6 3. d4 exd4 4. Nxd4 Qh4 5. Qd3 Nf6 6. Nxc6 bxc6 7. Nd2 Bc5
8. g3 Qg4 9. Bg2 O-O 10. Nb3 Bb6 11. Be3 Re8 12. f3 Qe6 13. O-O-O d5 14. Rhe1
a5 15. Bxb6 cxb6 16. Nd4 dxe4 17. Qc3 Qxa2 18. fxe4 Bg4 19. Rd3 c5 20. Nb5 Rad8
21. h3 Rxd3 22. cxd3 Be6 23. Nc7 Re7 24. Nxe6 Rxe6 25. Kc2 Qa4+ 26. Kd2 Qb4 27.
b3 Nh5 28. g4 Nf4 29. Bf1 Ng6 30. Rc1 Ne5 31. Qxb4 axb4 32. Ra1 g5 33. Ke3 Nc6
34. Be2 Nd4 35. Bd1 Rf6 36. Be2 Nc2+ 0-1

[Event "?"]
[Site "?"]
[Date "????.??.??"]
[Round "?"]
[White "Carlsten, P."]
[Black "Villing, D."]
[Result "1/2-1/2"]
[WhiteElo "2133"]
[BlackElo "2209"]
[PlyCount "27"]
[EventDate "2010.??.??"]
[WhiteTeam "Schweden 2"]
[BlackTeam "Stiftg BSW/DBAG 3"]

1. e4 c5 2. Nf3 Nc6 3. d4 cxd4 4. Nxd4 Nf6 5. Nc3 e6 6. Ndb5 Bb4 7. Bf4 Nxe4 8.
Nc7+ Ke7 9. Qf3 d5 10. O-O-O Bxc3 11. bxc3 g5 12. Bg3 Nxg3 13. Qxg3 Rb8 14. c4
1/2-1/2

[Event "?"]
[Site "?"]
[Date "????.??.??"]
[Round "?"]
[White "Wademark, H."]
[Black "Mai, H."]
[Result "1-0"]
[WhiteElo "2083"]
[BlackElo "1933"]
[PlyCount "123"]
[EventDate "2010.??.??"]
[WhiteTeam "Schweden 2"]
[BlackTeam "Stiftg BSW/DBAG 3"]

1. e4 d5 2. exd5 Qxd5 3. Nc3 Qa5 4. d4 c6 5. Nf3 Bf5 6. Bd3 Bxd3 7. Qxd3 Nf6 8.
O-O e6 9. Re1 Be7 10. Bd2 Qb6 11. Na4 Qc7 12. c4 Nbd7 13. Rac1 Qd8 14. Nc3 O-O
15. Bg5 Re8 16. Red1 Nb6 17. b3 Qc7 18. Bh4 Rad8 19. Bg3 Qc8 20. h3 c5 21. Qc2
cxd4 22. Nxd4 a6 23. Bh4 Rd7 24. Rd2 Red8 25. Rcd1 Ne8 26. Bxe7 Rxe7 27. Ne4
Red7 28. Ng5 Nf6 29. Ngf3 Qc5 30. Re1 Nc8 31. Re5 Qc7 32. Qb2 Ne7 33. g3 Nc6
34. Nxc6 Qxc6 35. Rxd7 Rxd7 36. Qe2 Qd6 37. Kg2 Qd3 38. Qxd3 Rxd3 39. Rc5 Kf8
40. Ne5 Rd2 41. Rc7 Rxa2 42. Rxb7 Ne4 43. Rxf7+ Kg8 44. Rf4 Nf6 45. c5 Rc2 46.
Rc4 Rxc4 47. Nxc4 Nd5 48. Kf3 Kf8 49. Ke4 Ke7 50. Ke5 Nb4 51. f4 Nc6+ 52. Ke4
Kd8 53. Ne5 Ne7 54. Nf3 Kd7 55. Nd4 Nd5 56. Ke5 Nc7 57. c6+ Ke7 58. f5 exf5 59.
Nxf5+ Kf7 60. Kd6 Ne8+ 61. Kd7 Nf6+ 62. Kd8 1-0

[Event "?"]
[Site "?"]
[Date "????.??.??"]
[Round "?"]
[White "Seyffarth, R."]
[Black "Andersson, S."]
[Result "0-1"]
[WhiteElo "1983"]
[BlackElo "2068"]
[PlyCount "72"]
[EventDate "2010.??.??"]
[WhiteTeam "Stiftg BSW/DBAG 3"]
[BlackTeam "Schweden 2"]

1. d4 Nf6 2. e3 g6 3. f4 d6 4. Nf3 Bg7 5. Be2 O-O 6. O-O c5 7. c3 Qc7 8. Na3 a6
9. Nc2 b5 10. a3 Bb7 11. Nce1 Nbd7 12. Bd3 e5 13. Bc2 e4 14. Ng5 h6 15. Nh3 Nb6
16. Nf2 Rfe8 17. g3 Bc8 18. Ng2 h5 19. Re1 c4 20. Qe2 Bd7 21. Bd2 d5 22. h3 Bf8
23. Kh2 Bd6 24. Qf1 Kg7 25. Reb1 Rh8 26. Qe2 Kf8 27. Rh1 Ke7 28. Kg1 a5 29. h4
b4 30. axb4 axb4 31. Rxa8 Rxa8 32. Kh2 b3 33. Bb1 Bg4 34. Qe1 Bf3 35. Qc1 Ra1
36. Rg1 Qc8 0-1

[Event "?"]
[Site "?"]
[Date "????.??.??"]
[Round "?"]
[White "Preuss, F."]
[Black "Wiemer, J."]
[Result "0-1"]
[WhiteElo "2057"]
[BlackElo "2136"]
[PlyCount "103"]
[EventDate "2010.??.??"]
[WhiteTeam "Dänemark 2"]
[BlackTeam "Mecklenburg-Vorp.1"]

1. f4 d5 2. g3 c5 3. Bg2 e6 4. Nf3 Be7 5. d3 h5 6. h3 Nf6 7. O-O Nc6 8. Qe1 Qc7
9. e4 d4 10. e5 Nd5 11. Qf2 Bd7 12. Na3 a6 13. Bd2 b5 14. Kh1 Rb8 15. Rae1 g6
16. Ng5 Nb6 17. Ne4 c4 18. Nf6+ Kd8 19. Qf3 Bxf6 20. exf6 Na7 21. Qf2 c3 22.
bxc3 dxc3 23. Be3 Bc6 24. Be4 Nbc8 25. Nb1 b4 26. Bd4 Nd6 27. Be5 Kd7 28. Kh2
a5 29. Qd4 Nab5 30. Qf2 Qb6 31. Qf3 Rbc8 32. Re2 Nc7 33. Rfe1 Bd5 34. a3 Qc6
35. axb4 axb4 36. h4 Rhe8 37. Qf2 Ncb5 38. Kh3 Nc7 39. Kh2 Rb8 40. Qf3 Rb5 41.
Kh3 Ra5 42. Rd1 Kc8 43. Qe3 Nf5 44. Qf2 Nd6 45. Qe3 Rd8 46. Ree1 Ra2 47. Rc1
Nf5 48. Qf2 Nb5 49. Re2 Kb7 50. Qg2 Rb2 51. Rce1 Nbd4 52. Rd2 0-1

[Event "?"]
[Site "?"]
[Date "????.??.??"]
[Round "?"]
[White "Krüger, G."]
[Black "Dürrfeld, P."]
[Result "1-0"]
[WhiteElo "2019"]
[BlackElo "1946"]
[PlyCount "55"]
[EventDate "2010.??.??"]
[WhiteTeam "Mecklenburg-Vorp.1"]
[BlackTeam "Dänemark 2"]

1. e4 c5 2. Nf3 Nc6 3. d4 cxd4 4. Nxd4 g6 5. c4 Bg7 6. Be3 Nf6 7. Nc3 Ng4 8.
Qxg4 Nxd4 9. Qd1 Ne6 10. Rc1 Qa5 11. a3 g5 12. Qd5 Qxd5 13. cxd5 Nd4 14. Bxg5
d6 15. Be3 Bd7 16. Bxd4 Bxd4 17. Nb5 Bxb5 18. Bxb5+ Kd8 19. Rc2 a6 20. Be2 Kd7
21. O-O Rac8 22. Rfc1 Rxc2 23. Rxc2 Rc8 24. Bg4+ e6 25. dxe6+ fxe6 26. Bxe6+
Kxe6 27. Rxc8 Bxb2 28. a4 1-0

[Event "?"]
[Site "?"]
[Date "????.??.??"]
[Round "?"]
[White "Poulsen, H."]
[Black "Schroeder, C."]
[Result "0-1"]
[WhiteElo "1891"]
[BlackElo "2071"]
[PlyCount "72"]
[EventDate "2010.??.??"]
[WhiteTeam "Dänemark 2"]
[BlackTeam "Mecklenburg-Vorp.1"]

1. c4 e5 2. g3 d6 3. Bg2 f5 4. Nc3 Nf6 5. d3 Be7 6. b4 O-O 7. Qb3 Kh8 8. Nd5
Nxd5 9. cxd5 a5 10. b5 Nd7 11. Bb2 Nc5 12. Qc4 Bf6 13. Rc1 a4 14. Ba3 b6 15. e3
Qe8 16. Ne2 Bd7 17. Rb1 e4 18. Bxc5 exd3 19. Qxd3 dxc5 20. O-O Ra5 21. Nf4 Bxb5
22. Rxb5 Rxb5 23. Qxf5 Be5 24. Qc2 Bxf4 25. exf4 Rb4 26. Rd1 Qe7 27. Bf3 Re8
28. Kg2 Qf6 29. Rd3 Qb2 30. Qd1 Rd4 31. Bh5 Re7 32. Rxd4 Qxd4 33. Qg4 Qxd5+ 34.
Kh3 g6 35. Qc8+ Kg7 36. Bg4 h5 0-1

[Event "?"]
[Site "?"]
[Date "????.??.??"]
[Round "?"]
[White "Palmo, P."]
[Black "Bondick, K."]
[Result "1/2-1/2"]
[WhiteElo "2080"]
[BlackElo "2167"]
[PlyCount "27"]
[EventDate "2010.??.??"]
[WhiteTeam "Turku"]
[BlackTeam "Ottonen Magdeburg"]

1. Nf3 f5 2. c4 Nf6 3. g3 e6 4. Bg2 Be7 5. O-O O-O 6. d4 d5 7. b3 c6 8. Ba3 Bd7
9. Ne5 Be8 10. Bxe7 Qxe7 11. Nd2 Nbd7 12. Nxd7 Qxd7 13. e3 Qe7 14. f4 1/2-1/2

[Event "?"]
[Site "?"]
[Date "????.??.??"]
[Round "?"]
[White "Lehtosaari, K."]
[Black "Andreas, G."]
[Result "1/2-1/2"]
[WhiteElo "2029"]
[BlackElo "1990"]
[PlyCount "99"]
[EventDate "2010.??.??"]
[WhiteTeam "Turku"]
[BlackTeam "Ottonen Magdeburg"]

1. c4 e5 2. Nc3 Nc6 3. g3 Nge7 4. Bg2 Nf5 5. e3 g6 6. Nf3 Bg7 7. O-O O-O 8. Rb1
b6 9. b3 Bb7 10. Bb2 Nce7 11. Ne2 e4 12. Ng5 Nd6 13. Bxg7 Kxg7 14. Nc3 f5 15.
Nh3 Rb8 16. Nf4 g5 17. Nfd5 Nxd5 18. Nxd5 c6 19. Nc3 Nf7 20. d4 d5 21. Rc1 Ba6
22. Ne2 Rc8 23. Re1 Qe7 24. c5 b5 25. b4 Bb7 26. Ra1 a6 27. Nc1 g4 28. h3 h5
29. h4 Ra8 30. a4 Nd8 31. Nb3 Ne6 32. Qd2 Rfb8 33. axb5 axb5 34. Na5 Nd8 35.
Ra2 Ra6 36. Rea1 Rba8 37. Qc3 Qc7 38. Bf1 Bc8 39. Qb3 Qd7 40. Kg2 Kf6 41. Be2
Ke6 42. Bd1 Kf6 43. Bc2 Ke6 44. Qb1 Qa7 45. Bb3 Qd7 46. Qf1 Nb7 47. Nxb7 Qxb7
48. Qb1 Rxa2 49. Rxa2 Rxa2 50. Qxa2 1/2-1/2

[Event "?"]
[Site "?"]
[Date "????.??.??"]
[Round "?"]
[White "Graßmann, H."]
[Black "Ranki, M."]
[Result "1/2-1/2"]
[WhiteElo "1964"]
[BlackElo "1927"]
[PlyCount "120"]
[EventDate "2010.??.??"]
[WhiteTeam "Ottonen Magdeburg"]
[BlackTeam "Turku"]

1. d4 d5 2. c4 c6 3. cxd5 cxd5 4. Nc3 Nc6 5. Nf3 Nf6 6. e3 e6 7. Be2 Be7 8. O-O
O-O 9. Bd2 Bd6 10. Nb5 Bb8 11. a4 e5 12. dxe5 Nxe5 13. Bc3 Nxf3+ 14. Bxf3 Be6
15. Qd4 a6 16. Na3 h6 17. Rfd1 Ba7 18. Qb4 Bb8 19. Qxb7 Ra7 20. Qb4 Qc7 21. g3
Rb7 22. Qh4 Nh7 23. Qd4 Nf6 24. Rac1 Rd8 25. Qh4 Qe7 26. Nc4 Bc7 27. Ne5 Bd7
28. Bxd5 Bxe5 29. Bxb7 Bxc3 30. bxc3 Bg4 31. Rxd8+ Qxd8 32. Bxa6 Kh7 33. h3 g5
34. Qxg4 Nxg4 35. hxg4 Qd2 36. Rf1 Qxc3 37. Bb5 Kg7 38. Rd1 Qb4 39. Rd4 Qe1+
40. Kg2 Qc3 41. Rd7 Qc8 42. Kf3 Qc3 43. Rd3 Qf6+ 44. Ke2 Qb2+ 45. Rd2 Qb3 46.
Rd4 Qa2+ 47. Kf3 Qa3 48. Rd7 Qc5 49. e4 Qc1 50. Kg2 Qc2 51. Rd3 Qc5 52. Rd5 Qb4
53. Kf3 Qc3+ 54. Rd3 Qf6+ 55. Ke3 Qb6+ 56. Ke2 Qe6 57. f3 Qa2+ 58. Rd2 Qa3 59.
Rd3 Qb2+ 60. Rd2 Qe5 1/2-1/2

[Event "?"]
[Site "?"]
[Date "????.??.??"]
[Round "?"]
[White "Ofstad, P."]
[Black "Niebuhr, G."]
[Result "1/2-1/2"]
[WhiteElo "2187"]
[BlackElo "2079"]
[PlyCount "32"]
[EventDate "2010.??.??"]
[WhiteTeam "Norwegen Ost"]
[BlackTeam "FB Niedersachsen"]

1. e4 e5 2. Nf3 Nc6 3. Bb5 a6 4. Ba4 d6 5. c3 f5 6. d3 Nf6 7. Qe2 Be7 8. Nbd2
O-O 9. Bb3+ Kh8 10. O-O Na5 11. Bc2 c5 12. d4 fxe4 13. Nxe4 Nxe4 14. Qxe4 Bf5
15. Qe2 Bxc2 16. Qxc2 cxd4 1/2-1/2

[Event "?"]
[Site "?"]
[Date "????.??.??"]
[Round "?"]
[White "Hellwege, W."]
[Black "Jenkins, T."]
[Result "1-0"]
[WhiteElo "2000"]
[BlackElo "1969"]
[PlyCount "71"]
[EventDate "2010.??.??"]
[WhiteTeam "FB Niedersachsen"]
[BlackTeam "Norwegen Ost"]

1. d4 d5 2. c4 c6 3. Nf3 Nf6 4. g3 e6 5. Bg2 Bb4+ 6. Bd2 Bxd2+ 7. Nbxd2 O-O 8.
Qc2 Nbd7 9. O-O Re8 10. e4 dxc4 11. Nxc4 Nf8 12. Rfd1 Ng6 13. Rac1 Qc7 14. b4
Nd7 15. Ne3 Qd6 16. Qb3 Nb6 17. a4 a5 18. bxa5 Nd7 19. d5 exd5 20. exd5 Qc7 21.
dxc6 bxc6 22. Nd4 Rb8 23. Qc3 c5 24. Nb5 Qe5 25. Bc6 Qxc3 26. Rxc3 Nge5 27. Nd6
Nxc6 28. Nxe8 Nd4 29. Rxc5 Ne2+ 30. Kf1 Nxc5 31. Nc7 Nxg3+ 32. hxg3 Bh3+ 33.
Ke2 Nxa4 34. Kf3 Be6 35. a6 g6 36. a7 1-0

[Event "?"]
[Site "?"]
[Date "????.??.??"]
[Round "?"]
[White "Kivipelto, K."]
[Black "Hollstein, J."]
[Result "1/2-1/2"]
[WhiteElo "2185"]
[BlackElo "2020"]
[PlyCount "51"]
[EventDate "2010.??.??"]
[WhiteTeam "Helsinki"]
[BlackTeam "Stiftg BSW/DBAG 2"]

1. Nf3 Nf6 2. g3 d5 3. c4 g6 4. Bg2 Bg7 5. cxd5 Nxd5 6. O-O O-O 7. Nc3 Nxc3 8.
bxc3 c5 9. Rb1 Nc6 10. Qa4 Qc7 11. d4 Bd7 12. Qa3 Qa5 13. Rxb7 Rfd8 14. Rxd7
Rxd7 15. Ne5 Qxa3 16. Bxa3 Nxe5 17. Bxa8 cxd4 18. cxd4 Nc4 19. Bc5 Bxd4 20. Bc6
Rc7 21. Bxd4 Rxc6 22. Bxa7 Ra6 23. Bc5 Rxa2 24. Bxe7 Rxe2 25. Rc1 Rxe7 26. Rxc4
1/2-1/2

[Event "?"]
[Site "?"]
[Date "????.??.??"]
[Round "?"]
[White "Koksch, G."]
[Black "Koskinen, V."]
[Result "0-1"]
[WhiteElo "2104"]
[BlackElo "1990"]
[PlyCount "86"]
[EventDate "2010.??.??"]
[WhiteTeam "Stiftg BSW/DBAG 2"]
[BlackTeam "Helsinki"]

1. d4 f5 2. Nc3 Nf6 3. Bg5 d5 4. Bxf6 exf6 5. e3 Be6 6. Bd3 Nc6 7. a3 Bd6 8.
Qf3 Ne7 9. h4 c6 10. Nge2 Qd7 11. h5 b5 12. Nf4 Bf7 13. Nce2 O-O-O 14. Qh3 Kb7
15. c3 Qc8 16. Qf3 g5 17. hxg6 hxg6 18. Ng3 g5 19. Nfh5 g4 20. Qe2 Bxg3 21.
Nxg3 Rxh1+ 22. Nxh1 Rh8 23. O-O-O Be6 24. f4 Rh2 25. Ng3 Qh8 26. Qc2 Qh7 27.
Kb1 a6 28. Ka1 Kc7 29. b3 Kd7 30. Rb1 Qh4 31. Nf1 Rh1 32. a4 Ke8 33. axb5 axb5
34. c4 bxc4 35. bxc4 Kf7 36. cxd5 Bxd5 37. g3 Qh8 38. Qa4 Qc8 39. Qa7 Rg1 40.
Rb7 Qe6 41. Kb2 Rg2+ 42. Kc3 c5 43. Qxc5 Bxb7 0-1